| 000 | nam a22 7a 4500 | ||
|---|---|---|---|
| 999 |
_c22309 _d22309 |
||
| 008 | 170123b xxu||||| |||| 00| 0 eng d | ||
| 050 | _aLC 4065 .D48 1967 | ||
| 100 |
_aDeutsch, Martin. _d1967. |
||
| 245 |
_aThe disadvantaged child/ _cMartin Deutsch, Richard D. Bloom, Bert R. Brown, Cynthia P. Deutsch |
||
| 260 |
_aUSA: _bBasic books, Inc., publishers, _c1967. |
||
| 300 |
_axii, 400p.: _bill.; _c24cm. |
||
| 521 | _aIncludes bibliographical references and index. | ||
| 650 |
_aChildren with social disabilities: _xEducation/ |
||
| 700 | _aBloom, Richard D. | ||
| 700 | _aDeutsch, Cynthia P. | ||
| 700 | _aBrown, Bert R. | ||
| 942 |
_2lcc _cBOOKS _hLC 4065 .D48 1967 |
||